Statistiques concernant Quel est le nom de l'animé ? #2

Cliquez ici pour prendre le quiz!

Statistiques générales

  • Ce quiz a été pris 86 fois
  • Le résultat moyen est 13 sur 16

Statistiques - réponses

Réponse% Correct
One Piece
100%
Naruto
99%
Dragon Ball
96%
Hunter X Hunter
92%
My hero academia
92%
Demon Slayer
89%
One Punch Man
86%
L'attaque des titans
85%
Jujutsu Kaisen
82%
Tokyo Revengers
79%
Blue Lock
75%
Chainsaw Man
68%
Cyberpunk
60%
Mashle
53%
Dr Stone
52%
Fire Force
52%

Distribution des résultats

Percentile par nombre de réponses

% des personnes avec chaque résultat

Votre développement - résultats

Vous n’avez pas pris ce quiz